Overenie predpokladov o náhodnej zložke klasického lineárneho regresného modelu prostredníctvom štatistických testov

Enregistré dans:
Détails bibliographiques
Auteur principal: Šoltés, Erik, 1974-
Format: Chapitre de livre
Langue:slovaque
Publié: Bratislava Katedra štatistiky FHI EU 2008
Sujets:
Tags: Ajouter un tag
Pas de tags, Soyez le premier à ajouter un tag!

MARC

LEADER 00000naa$a2200000$$$4500
001 0110493
005 20240502072224.0
041 0 |a slo 
044 |a SK 
245 1 0 |a Overenie predpokladov o náhodnej zložke klasického lineárneho regresného modelu prostredníctvom štatistických testov  |c Erik Šoltés 
264 1 |a Bratislava  |b Katedra štatistiky FHI EU  |c 2008 
500 |a Prezentácia 
610 2 0 |a modely lineárne 
610 2 0 |a modely regresné 
610 2 0 |a štatistika matematická 
100 1 |a Šoltés, Erik, 1974-